| 000 | 00893cab a2200241 4500 | ||
|---|---|---|---|
| 001 | ABS45555 | ||
| 008 | 090401t1991 xxu||||| |||| 00| 0 eng d | ||
| 035 | _a(Sirsi) u53703 | ||
| 041 | _aeng | ||
| 245 | _aCity of London | ||
| 260 | _c1991 | ||
| 350 | _a0 | ||
| 490 |
_aEstates Gazette _v(9148) 7 December 1991, 78-120(25) |
||
| 520 | _aAn "Estates Gazette Focus" on the City, which considers London`s place in the EC, the effect of the paperless trading system, TAURUS, on the need for offices in the City, a new body to represent London, office supply and demand, inward investment, the need for quality offices and setting up a consultancy. | ||
| 650 | _aCITY OF LONDON | ||
| 650 | _aLONDON | ||
| 650 | _aOFFICES | ||
| 650 | _aSUPPLY AND DEMAND | ||
| 650 | _aTAURUS | ||
| 690 | _aPROPERTY-COMMERCIAL PROPERTY-COMMERCIAL PROPERTY MARKET | ||
| 942 | _n0 | ||
| 948 | _c04/03/1997 | ||
| 999 |
_c33044 _d33044 |
||